00698 2200229 4500001002100000005001500021035002000036020002200056082001000078084001600088100001800104245007900122250002000201260005100221300005000272700001900322700001700341700002100358600002000379856002800399008004100427INLIS00000000114471820220223093600 a0010-0222003555 a978-602-252-985-9 a372.8 a372.8 MOH s0 aMohammad Ibnu1 aSeri Kisah Nabi :bSang ahli Strategi perang Nabi Daud AS /cMohammad Ibnu aCetakan Pertama aJakarta, Indonesia :bErlangga For Kids,c2018 a54 halaman :bilustrasi ;c28 x 21 cmeKertas0 aDani Fitriyani0 aHijrah ahmad0 aArdhika Prasetya 4aKisah Seri Nabi aPerpustakaan Keliling 3220223 a m ind